Scotland UEFA European Championships Players - Statistics

General Stats
  • This quiz has been taken 26 times
  • The average score is 23 of 49
Answer Stats
The Tartan Army % Correct
Andrew Robertson
86%
Scott McTominay
86%
Angus Gunn
82%
Ché Adams
82%
John McGinn
82%
Jack Hendry
73%
Colin Hendry
68%
Callum McGregor
64%
Grant Hanley
64%
Kieran Tierney
64%
Ally McCoist
59%
Anthony Ralston
59%
Andy Goram
55%
David Marshall
55%
Ryan Christie
55%
Gary McAllister
50%
James Forrest
50%
Lawrence Shankland
50%
Lyndon Dykes
50%
Scott McKenna
50%
Stuart Armstrong
50%
Billy Gilmour
45%
Billy McKinlay
45%
Ryan Porteous
45%
Tosh McKinlay
45%
Brian McClair
41%
Craig Burley
41%
Duncan Ferguson
41%
Gordon Durie
41%
Kenny McLean
41%
Liam Cooper
41%
Nathan Patterson
41%
Stephen O'Donnell
41%
Tom Boyd
41%
Colin Calderwood
36%
John Collins
36%
John Spencer
36%
Paul McStay
36%
Stewart McKimmie
36%
Stuart McCall
36%
Dave McPherson
32%
Richard Gough
32%
Ryan Fraser
32%
Lewis Morgan
27%
Maurice Malpas
27%
Scott Booth
23%
Eoin Jess
14%
Kevin Gallacher
14%
Kevin Nisbet
14%
No matching quizzes found
Score Distribution
Percent of People with Each Score
Percentile by Number Answered
Your Score History
You have not taken this quiz